02599nam a2200217 450000500170000000800410001704000440005804100080010208200120011010000470012224501740016926000630034330000550040650004040046150513770086550600210224265000180226365000270228165000350230870000380234320160526100346.0160525s1838 fr |||fr|||| 001 0 spa d aCO-BoUCMbspacSandra YazodSandra Yazo1 aspa04220a230 1aFrayssinous, D.‏d1765-1841‏ q(Denis)10aDefensa del cristianismobo conferencias sobre la religióncpor el Escmo. Sa. Conduce de Frayssimous ... ; Traducidas al castellano por D. F. A. Chalemeau de Verneuil aParís (Francia)bLibrería de Lecointe y Lasserrec1838 axviii, 384 ; 395 ; 335 ; 304 páginasc18 x 11 cm aDetalles físicos: Encuadernación rígida en cartón forrado en cuero. Tapas con recuadros en dorado. Lomo con adornos en dorado, roturas. Guardas simulando papel de agua, la delantera con una anotación manuscrita al verso. Portada impresa en una sola tinta, con una firma y perforaciones. Texto impreso en una sola tinta. Notas al pie de página. Papel con algunas manchas. Cortes decorados2 aV.1: Discurso de introducción ; La verdad ; Causas de nuestros errores ; Existencia de Dios probada por la fe del género humano ; La existencia de Dios probada por el orden y las bellezas de la naturaleza ; Examen de los principales argumentos del ateísmo ; Providencia en el orden moral ; Espiritualidad del alma ; Ley natural ; Libre albedrio ; Inmortalidad del alma ; Culto en general -- V.2: Principios religiosos, fundamentos de la moral y de la sociedad ; Sobre el testimonio ; Milagros en general ; Moisés considerado como autor del pentateuco ; Moisés considerado como historiador de los tiempos primitivos ; La autoridad del evangelio ; Resurrección de Jesucristo ; Fundación del cristianismo ; Cuestiones sobre mártires -- V.3: Esencia del misterio de la encarnación ; Las profecías ; La religión considerada en sus misterios, en su moral, en su culto : La religión vindicada de la acusación de fanatismo ; Máximas de la iglesia católica sobre la salvación de los hombre ; Incredulidad de los jóvenes -- V.4: Los hombres ilustres del cristianismo ; Los incrédulos reputados de Sabios ; La necesidad de la religión para la felicidad publica ; Temores y esperanza de la religión ; Unión y apoyo recíproco de la religión y de la sociedad ; La educación ; Sacerdocio cristiano ; La autoridad de la iglesia ; Jesucristo aConsulta en sala 7aCristianismo  1aTeología dogmática 7aLibre albedrio y determinismo 1 aVerneuil, Chalemeau deetraductor